All 419 US National Park Sites on a Map - Statistics

General Stats
  • This quiz has been taken 1,838 times
  • The average score is 93 of 419
Answers on the Map
Answers color-coded by a green-red scale on the quiz's map according to % correct below.
 
Answer Stats
Site Answer % Correct
National Park Yellowstone
85%
National Park Yosemite
79%
National Park Everglades
78%
National Park Grand Canyon
78%
National Park | Preserve Denali
70%
National Park Glacier
69%
National Park Death Valley
67%
National Park Zion
67%
National Park Redwood
65%
National Park Acadia
64%
National Park Joshua Tree
64%
National Park Arches
63%
National Park Badlands
63%
Parkway George Washington Memorial
63%
National Park Great Smoky Mountains
63%
National Park Rocky Mountain
62%
National Park Grand Teton
61%
Memorial Lincoln
61%
National Park Olympic
58%
National Park Sequoia
58%
Other Washington Monument
58%
National Park Big Bend
57%
Recreation Area Gateway
57%
Military Park Gettysburg
57%
National Park Mammoth Cave
57%
National Park Mount Rainier
57%
National Park Crater Lake
56%
National Park Hawaii Volcanoes
56%
Memorial Mount Rushmore
56%
National Park Bryce Canyon
55%
National Park Shenandoah
55%
National Park Hot Springs
52%
National Park Isle Royale
52%
National Park North Cascades
52%
National Park Channel Islands
51%
National Park Cuyahoga Valley
50%
National Park Dry Tortugas
50%
Memorial Thomas Jefferson
50%
National Park Gateway Arch
49%
National Park White Sands
49%
National Park Carlsbad Caverns
48%
Memorial Franklin D. Roosevelt
48%
National Park Canyonlands
47%
National Park | Preserve Great Sand Dunes
47%
National Park Indiana Dunes
47%
National Park Mesa Verde
47%
National Park Petrified Forest
46%
National Park Theodore Roosevelt
45%
National Park Kings Canyon
44%
National Park Virgin Islands
44%
National Park American Samoa
43%
National Park Biscayne
43%
National Park | Preserve Gates of the Arctic
43%
National Park Great Basin
43%
National Park Saguaro
43%
National Park Voyageurs
43%
National Park Black Canyon of the Gunnison
42%
National Park Lassen Volcanic
42%
National Park Wind Cave
42%
Scenic Trail Appalachian
41%
National Park Congaree
41%
Recreation Area Golden Gate
41%
National Park Capitol Reef
40%
National Park | Preserve Glacier Bay
40%
River Mississippi
39%
National Park Pinnacles
39%
National Monument Statue of Liberty
39%
National Park | Preserve Wrangell-St. Elias
39%
National Park Guadalupe Mountains
38%
National Park Kenai Fjords
38%
Historic Site San Juan
37%
Historic Site Herbert Hoover
36%
River New River Gorge
36%
Historical Park Adams
35%
Historical Park Boston
35%
Seashore Cape Cod
35%
National Monument Colorado
35%
Historic Site | Memorial Martin Luther King, Jr.
35%
National Monument Devils Tower
34%
National Park Haleakala
34%
National Park | Preserve Katmai
34%
Memorial Pearl Harbor
34%
Battlefield Antietam
33%
Historic Site Brown V. BOE
33%
River Missouri
33%
Other White House and President's Park
33%
Historical Park Independence
32%
Historic Site John F. Kennedy
32%
Historic Site Ulysses S. Grant
32%
Military Park Vicksburg
32%
Memorial Vietnam Veterans
32%
National Monument | Preserve Craters of the Moon
31%
Historical Park Fort Sumter & Fort Moultrie
31%
Memorial World War II
31%
National Monument Dinosaur
30%
Historic Site Fort Smith
30%
National Park | Preserve Lake Clark
30%
Historical Park Lyndon B. Johnson
30%
Memorial World War I
30%
National Park Kobuk Valley
29%
Historic Site Andrew Johnson
28%
Historical Park Harper's Ferry
28%
Recreation Area Lake Mead
28%
River Ozark Riverways
28%
River Rio Grande
28%
National Monument Little Bighorn Battlefield
27%
Other National Mall
27%
Historical Park Appomattox Courthouse
26%
Memorial Arlington House Robert E. Lee
26%
Parkway Blue Ridge
26%
Historic Site Eisenhower
26%
Memorial Korean War Veterans
26%
Historical Park Lewis and Clark
26%
Preserve Mojave
26%
Historic Site John Muir
25%
Historical Park San Francisco Maritime
25%
River Buffalo
24%
Battlefield Manassas
24%
Memorial Roger Williams
24%
Historic Site Harry S. Truman
23%
Battlefield Richmond
23%
Historical Park Saratoga
23%
Military Park Shiloh
23%
Historic Site Thomas Stone
23%
Seashore Canaveral
22%
Military Park Chickamauga and Chattanooga
22%
Historic Site Fort Point
22%
Historic Site Jimmy Carter
22%
Historical Park Minute Man
22%
Historical Park Natchez
22%
National Monument Navajo
22%
Lakeshore Sleeping Bear Dunes
22%
Seashore Cape Hatteras
21%
National Monument Fort McHenry
21%
Military Park Fredericksburg and Spotsylvania
21%
Historical Park Valley Forge
21%
Memorial Wright Brothers
21%
Historical Park Abraham Lincoln Birthplace
20%
Lakeshore Apostle Islands
20%
National Monument Jewel Cave
20%
Historic Site Martin Van Buren
20%
Lakeshore Pictured Rocks
20%
Historic Site Salem Maritime
20%
Historic Site Fort Scott
19%
Historical Park Golden Spike
19%
Historical Park Harriet Tubman
19%
Historic Site James A. Garfield
19%
Trail Potomac Heritage
19%
River Saint Croix
19%
Historical Park Thomas Edison
19%
Historic Site William Howard Taft
19%
Seashore Assateague Island
18%
Historical Park Cumberland Gap
18%
Recreation Area Delaware Water Gap
18%
Parkway John D. Rockefeller
18%
Seashore Point Reyes
18%
Historical Park Dayton Aviation Heritage
17%
National Monument Devils Postpile
17%
National Monument Effigy Mounds
17%
Seashore Fire Island
17%
Recreation Area Glen Canyon
17%
Historical Park Klondike Gold Rush
17%
Other National Capital Parks
17%
Historical Park New Orleans Jazz
17%
National Monument Organ Pipe Cactus
17%
Seashore Padre Island
17%
Battlefield Petersburg
17%
Historical Park San Antonio Missions
17%
National Monument Scotts Bluff
17%
Historical Park Sitka
17%
Preserve Big Cypress
16%
National Monument Birmingham Civil Rights
16%
National Monument Cabrillo
16%
National Monument Canyon de Chelly
16%
Battlefield Cowpens
16%
Historical Park First State
16%
National Monument Katahdin Woods and Waters
16%
Memorial Lincoln Boyhood
16%
Historical Park Lowell
16%
Historical Park Manhattan Project
16%
National Monument Muir Woods
16%
Historical Park Paterson Great Falls
16%
National Monument Pipestone
16%
Historical Park San Juan Island
16%
National Monument Cedar Breaks
15%
Memorial Coronado
15%
Memorial Flight 93
15%
National Monument Fort Union
15%
Historic Site Fort Vancouver
15%
National Monument George Washington Carver
15%
National Monument Grand Portage
15%
National Monument Hovenweep
15%
National Monument Lava Beds
15%
National Monument Montezuma Castle
15%
National Monument Natural Bridges
15%
National Monument Pullman
15%
National Monument Stonewall
15%
National Monument Agate Fossil Beds
14%
Preserve Big Thicket
14%
Historical Park Chaco Culture
14%
Recreation Area Chickasaw
14%
Historical Park Colonial
14%
Historic Site First Ladies
14%
Historic Site Ford's Theatre
14%
Historic Site Fort Davis
14%
Historic Site Fort Laramie
14%
Historic Site Frederick Douglass
14%
Historical Park George Rogers Clark
14%
Seashore Gulf Islands
14%
National Monument Homestead
14%
Historical Park Jean Lafitte
14%
National Monument John Day Fossil Beds
14%
Historic Site Lincoln Home
14%
Historic Site Minuteman Missile
14%
Parkway | Trail Natchez Trace
14%
Historical Park Nez Perce
14%
National Monument Oregon Caves
14%
National Monument Petroglyph
14%
National Monument Rainbow Bridge
14%
Battlefield Tupelo
14%
Historic Site Tuskegee Airmen
14%
National Monument Waco Mammoth
14%
National Monument Walnut Canyon
14%
Historical Park Women's Rights
14%
National Monument Aztec Ruins
13%
National Monument Bandelier
13%
National Monument Booker T. Washington
13%
Seashore Cape Lookout
13%
National Monument Casa Grande Ruins
13%
National Monument Castillo de San Marcos
13%
Memorial De Soto
13%
Historic Site Eleanor Roosevelt
13%
National Monument El Morro
13%
National Monument Florissant Fossil Beds
13%
National Monument Fort Pulaski
13%
National Monument Freedom Riders
13%
National Monument George Washington Birthplace
13%
Historical Park Harriet Tubman Underground Railroad
13%
Historical Park Hopewell Culture
13%
Memorial Johnstown Flood
13%
Historical Park Keweenaw
13%
Historic Site Little Rock Central High School
13%
Historic Site Manzanar
13%
Historical Park New Bedford Whaling
13%
Historical Park Pecos
13%
Memorial Perry's Victory / International Peace
13%
National Monument Poverty Point
13%
Historical Park Rosie the Riveter/World War II Home Front
13%
Historic Site Sand Creek Massacre
13%
Recreation Area Santa Monica Mountains
13%
Preserve Tallgrass Prairie
13%
National Monument Timpanogos Cave
13%
Historical Park War in the Pacific
13%
Recreation Area Whiskeytown - Shasta - Trinity
13%
National Monument Wupatki
13%
Preserve Bering Land Bridge
12%
Recreation Area Bighorn Canyon
12%
Historic Site Boston African American
12%
National Monument Capulin Volcano
12%
National Monument Castle Clinton
12%
National Monument Cesar E. Chavez
12%
National Monument Charles Young Buffalo Soldiers
12%
Recreation Area Chattahoochee River
12%
National Monument Chiricahua
12%
Reserve City of Rocks
12%
Historical Park C & O Canal
12%
Historic Site Edgar Allen Poe
12%
National Monument Fort Matanzas
12%
Battlefield Fort Necessity
12%
Historic Site Fort Raleigh
12%
National Monument Fort Stanwix
12%
National Monument Fossil Butte
12%
Historic Site Hampton
12%
Military Park Horseshoe Bend
12%
Military Park Kings Mountain
12%
Historic Site Knife River Indian Villages
12%
Recreation Area Lake Chelan
12%
Historical Park Morristown
12%
Historic Site Ninety Six
12%
National Monument Pipe Spring
12%
National Monument Russell Cave
12%
Historic Site Steamtown
12%
National Monument Sunset Crater Volcano
12%
National Monument Tonto
12%
National Monument Tule Lake
12%
National Monument Tuzigoot
12%
Preserve Yukon Charley Rivers
12%
National Monument African Burial Grounds
11%
Historic Site Andersonville
11%
Memorial Arkansas Post
11%
Historic Site Bent's Old Fort
11%
Battlefield Big Hole
11%
Historical Park Cane River Creole
11%
Historic Site Clara Barton
11%
Seashore Cumberland Island
11%
National Monument El Malpais
11%
Historic Site Fort Bowie
11%
National Monument Fort Monroe
11%
Historic Site Fort Union Trading Post
11%
National Monument Gila Cliff Dwellings
11%
Military Park Guilford Courthouse
11%
National Monument Hagerman Fossil Beds
11%
Historic Site Hubbell Trading Post
11%
Battlefield Kennesaw Mountain
11%
Recreation Area Lake Meredith
11%
Recreation Area Lake Roosevelt
11%
Historic Site Minidoka
11%
Battlefield Monocacy
11%
River Niobrara
11%
Historical Park Palo Alto Battlefield
11%
Military Park Pea Ridge
11%
Historic Site President William Jefferson Clinton Birthplace Home
11%
Other Rock Creek
11%
Historic Site Springfield Armory
11%
Historic Site Theodore Roosevelt Birthplace
11%
Historic Site Theodore Roosevelt Inaugural
11%
Historic Site Tuskegee Institute
11%
Preserve Valles Caldera
11%
Historic Site Weir Farm
11%
National Monument Yucca House
11%
National Monument Alibates Flint Quarries
10%
Recreation Area Amistad
10%
National Monument | Preserve Aniakchak
10%
Recreation Area Boston Harbor Islands
10%
National Monument Castle Mountains
10%
Recreation Area Curecanti
10%
Historic Site Eugene O'Neill
10%
Battlefield Fort Donelson
10%
Historic Site Fort Larned
10%
Historic Site Friendship Hill
10%
Historic Site Grant-Kohrs Ranch
10%
Historic Site Home of Franklin D. Roosevelt
10%
Historic Site Nicodemus
10%
Memorial Port Chicago Naval Magazine
10%
Battlefield River Raisin
10%
Recreation Area Ross Lake
10%
National Monument Tule Springs Fossil Beds
10%
River Upper Delaware
10%
Historic Site Vanderbilt Mansion
10%
Historic Site Washita Battlefield
10%
Historic Site Whitman Mission
10%
Recreation Area Big South Fork
9%
Scenic river Bluestone
9%
Battlefield Brices Crossroads
9%
National Monument Camp Nelson Heritage
9%
Historic Site Carl Sandburg Home
9%
Other Catoctin Mountain
9%
Historical Park Cedar Creek and Belle Grove
9%
Memorial Chamizal
9%
Historic Site Charles Pinckney
9%
Historical Reserve Ebeys Landing
9%
Memorial Federal Hall
9%
National Monument Fort Frederica
9%
Other Fort Washington
9%
Recreation Area Gauley River
9%
National Monument Governor's Island
9%
River Great Egg Harbor
9%
Memorial Hamilton Grange
9%
Historic Site Hopewell Furnace
9%
Preserve Little River Canyon
9%
Historic Site Longfellow House / Washington's Headquarters
9%
Historical Park Marsh - Billings - Rockefeller
9%
River Obed
9%
Historical Park Ocmulgee Mounds
9%
Historical Park Reconstruction Era
9%
National Monument Salinas Pueblo Missions
9%
Historic Site Saugus Iron Works
9%
Battlefield Stones River
9%
Other Theodore Roosevelt Island
9%
Preserve Timucuan
9%
Battlefield Wilson's Creek
9%
Other Wolf Trap
9%
Historic Site Allegheny Portage Railroad
8%
Historical Park Blackstone River Valley
8%
National Monument Buck Island Reef
8%
National Monument Cape Krusenstern
8%
Historic Site Christiansted
8%
Other Constitution Gardens
8%
Memorial Fort Caroline
8%
Memorial General Grant
8%
Other Greenbelt
8%
National Monument Hohokam Pima
8%
Historic Site Maggie L. Walker
8%
River Middle Delaware
8%
Preserve Noatak
8%
Other Prince William Forest
8%
Historic Site Sagamore Hill
8%
Other Saint Croix Island
8%
Historical Park Saint-Gaudens
8%
Memorial Thaddeus Kosciuszko
8%
Historical Park Tumacacori
8%
Wild River Alagnak
7%
National Monument Belmont-Paul Women's Equality
7%
Historic Site Frederick Law Olmsted
7%
Historic Site Honouliuli
7%
Historical Park Kalaupapa
7%
Battlefield Moores Creek
7%
Historic Site Pennsylvania Avenue
7%
Historic Site Saint Paul's Church
7%
National Monument Virgin Islands Coral Reef
7%
Historic Site Carter G. Woodson Home
6%
Historical Park Kaloko-Honokohau
6%
Historic Site Mary McLeod Bethune Council House
6%
Other Piscataway
6%
Historical Park Pu'uhonua O Honaunau
6%
Historical Park Salt River Bay
6%
Historic Site Pu'ukohola Heiau
5%
Memorial Lyndon Baines Johnson Grove
4%
No matching quizzes found
Score Distribution
Percent of People with Each Score
Percentile by Number Answered
Your Score History
You have not taken this quiz